000 00806nam a2200241Ia 4500
003 OSt
005 20220923221540.0
006 a|||||r|||| 00| 0
007 ta
008 220922b |||||||| |||| 00| 0 hin d
024 _a198,072
037 _cTextual
040 _aARTS
_cARTS
_bhin
041 _2hin
_ahin
082 _aDelta2y7M73, 152N2
100 _aइन्द्रास्वपन
245 0 _aनिर्भीक सन्यासी
_b स्वामी रामतीर्थ
246 _aNirbhīk sanyāsī: swāmī rāmatīrtha
260 _aदिल्ली
_b विक्रम प्रका0
_c1992
300 _a290पृ.
_ccm.
942 _hDelta2y7M73, 152N2
_cTEXL
_2CC
999 _c349941
_d349941